00836nam a2200193 a 450000100100000000500170001000800410002704000250006810000400009324501800013326000780031330000270039150400270041870000380044570000280048304900090051195201050052099900170062500002951120200930055613.0110418s1974 dr 000 0 spa d aDO-SdBNPbspacBNPHU1 aBonelly de Calventi, Idelisa95637010aEvaluación del método por destilación con xilol para determinar la humedad en el pescado seco /cIdelisa Bonelly de Calventi, Nirva Núñez de Ricart, Sophie Jakawska. a[Santo Domingo] :bCentro de Investigaciones de Biología Marina,c1974. a15 p. :bil. ;c21 cm. aBibliografía : p. 151 aNúñez de Ricart, Nirva9560051 aJakawska, Sophie956371 aBNPD 0010718PDaPDbPDcCTd2011-04-18iLF1l0o p29511-10r2020-06-25w2020-06-25yLFPDZNo se presta c29003d29003